000 00361nam a22001457a 4500
008 250304b |||||||| |||| 00| 0 eng d
020 _a9780323596770
050 _aQM25
_b.N48
100 _aNetter Frank H
245 _aAtlas of Human Anatomy with Latin Terminology
250 _a7th
260 _aPhiladelphia
_bElsevier
_c2019
300 _a535p
942 _cBK
999 _c2063
_d2063